MDQL
is popping MORE tags! Check the
thread
!
Quizzes
Events
Quiz Creation
Community
Videos
Private Events
Remove Ads
Sign In
Join for FREE
Feedback
Dark Mode
Quiz Categories
Sports
Geography
Music
Movies
Television
Just For Fun
Miscellaneous
History
Literature
Language
Science
Gaming
Entertainment
Religion
Holiday
For Kids
Quiz Lab
Recent
Popular Today
Quiz Kudos Today
Editor Picks
Curator Picks
Quizzes by...
Day
Popularity
Type
Ratings
Length
Year
Community
Subscriptions
Recent Discussions
Orange Saloon
Badges
Playlists
Quests
Create
Leaderboards
Showdown
Live 5
Trivia Bingo
Activity
Puzzle Library
Sporcle Events
Private Events
Virtual Trivia
Globe League
Become a Host
Pub Owners
SporcleCon
Opinionation
Our Games
Videos
Blog
Mobile Apps
Partnerships
Remove Ads and Go Orange
Feedback
Gaming
Video Games
Board Games
Card Games
Pokémon
Mario
Nintendo
Minecraft
Console
Toys
Legend of Zelda
Gaming
Video Games
Board Games
Card Games
Pokémon
Mario
Nintendo
Minecraft
Console
Toys
Legend of Zelda
Random Quiz
Search Sporcle
×
Quiz Lab
Quiz Lab
Gaming
magic
Type in answers that appear in a list
Type in answers that appear in a list
Classic
Best Score? Go Orange.
Heroes of Might and Magic III Artifacts Stats
Can you name the Heroes of Might and Magic III Artifacts?
By
beren
15m
137 Questions
316 Plays
316 Plays
316 Plays
Comments
Comments
Give Quiz Kudos
Give Quiz Kudos
-
- Ratings
hide this ad
More Info
Replay
Link that replays current quiz
Next Quiz
Link to next quiz in quiz playlist
You Got
0%
They Got
Avg Score
47%
Avg Friend Score
Upgrade to see
Score Distribution
Jump to the score distribution portion of the page
Score
0/137
Timer
15:00
1
Play Today
Category
Artifact
% Correct
Feet
Boots of Speed
76.3%
Misc Kingdom Boost
Head of Legion
71.2%
Misc Orbs and Tomes
Tome of Earth Magic
70.6%
Misc Kingdom Boost
Legs of Legion
69.9%
Misc Kingdom Boost
Torso of Legion
69.9%
Misc Orbs and Tomes
Tome of Air Magic
69.9%
Misc Orbs and Tomes
Tome of Fire Magic
69.9%
Misc Orbs and Tomes
Tome of Water Magic
69.6%
Right Hand
Centaur's Axe
69%
Right Hand
Titan's Gladius
69%
Misc Kingdom Boost
Arms of Legion
69%
Misc Orbs and Tomes
Orb of Silt
67.1%
Feet
Sandals of the Saint
66.5%
Torso
Armor of Wonder
64.6%
Misc Orbs and Tomes
Orb of Driving Rain
64.6%
Right Hand
Armageddon's Blade
63.6%
Right Hand
Sword of Judgement
63%
Misc Orbs and Tomes
Orb of the Firmament
63%
Misc Orbs and Tomes
Orb of Tempestuous Fire
62.3%
Torso
Rib Cage
62%
Head
Skull Helmet
61.7%
Left Hand
Shield of the Dwarven Lords
61.4%
Right Hand
Ogre's Club of Havoc
60.1%
Rings
Ring of Life
59.8%
Shoulders
Angel Wings
59.5%
Misc Luck & Morale
Clover of Fortune
59.2%
Right Hand
Greater Gnoll's Flail
58.2%
Misc Kingdom Boost
Loins of legion
58.2%
Combination Artifacts
Angelic Alliance
57.6%
Feet
Dead Man's Boots
56.6%
Right Hand
Sword of Hellfire
56.3%
Combination Artifacts
Statue of Legion
56%
Torso
Titan's Cuirass
55.7%
Rings
Still Eye of the Dragon
55.7%
Rings
Equestrian's Gloves
55.4%
Torso
Scales of the Greater Basilisk
55.1%
Head
Helm of Heavenly Enlightenment
55.1%
Rings
Quiet Eye of the Dragon
54.7%
Rings
Eversmoking Ring of Sulfur
54.1%
Head
Helm of the Alabaster Unicorn
53.8%
Combination Artifacts
Armor of the Damned
53.8%
Rings
Ring of Infinite Gems
53.5%
Left Hand
Shield of the Yawning Dead
53.2%
Left Hand
Lion's Shield of Courage
52.8%
Left Hand
Dragon Scale Shield
51.9%
Shoulders
Vampire's Cowl
51.6%
Category
Artifact
% Correct
Misc Luck & Morale
Ladybird of Luck
51.6%
Right Hand
Blackshard of the Dead Knight
50.9%
Left Hand
Shield of the Damned
50.9%
Feet
Dragonbone Greaves
50.9%
Head
Crown of the Supreme Magi
50.6%
Torso
Dragon Scale Armor
50.3%
Shoulders
Dragon Wing Tabard
50%
Shoulders
Cape of Velocity
49.1%
Misc Kingdom Boost
Endless Sack of Gold
49.1%
Misc Luck & Morale
Badge of Courage
49.1%
Torso
Tunic of the Cyclops King
48.7%
Head
Crown of Dragontooth
48.7%
Rings
Ring of Vitality
48.7%
Misc Kingdom Boost
Endless Bag of Gold
48.7%
Misc Hero Boost
Golden Bow
48.7%
Neck
Necklace of Dragonteeth
48.4%
Combination Artifacts
Cornucopia
48.1%
Misc Kingdom Boost
Inexhaustible Cart of Ore
47.8%
Misc Hero Boost
Bow of Elven Cherrywood
47.8%
Misc Hero Boost
Vial of Lifeblood
47.2%
Left Hand
Buckler of the Gnoll King
46.8%
Head
Helm of Chaos
46.8%
Head
Sea Captain's Hat
46.8%
Head
Spellbinder's Hat
46.8%
Left Hand
Sentinel's Shield
46.2%
Neck
Amulet of the Undertaker
46.2%
Neck
Celestial Necklace of Bliss
46.2%
Misc Kingdom Boost
Endless Purse of Gold
46.2%
Combination Artifacts
Bow of the Sharpshooter
45.9%
Feet
Boots of Levitation
45.6%
Misc Kingdom Boost
Inexhaustible Cart of Lumber
45.6%
Misc Hero Boost
Angel Feather Arrows
44.9%
Misc Luck & Morale
Cards of Prophecy
44.6%
Combination Artifacts
Power of the Dragon Father
44.6%
Combination Artifacts
Admiral's Hat
44.3%
Combination Artifacts
Titan's Thunder
44.3%
Right Hand
Red Dragon Flame Tongue
44%
Torso
Breastplate of Petrified Wood
44%
Torso
Brimstone Breastplate
44%
Combination Artifacts
Wizard's Well
43.7%
Left Hand
Targ of the Rampaging Ogre
43.4%
Misc Hero Boost
Bowstring of the Unicorn's Mane
43.4%
Head
Thunder Helmet
43%
Neck
Necklace of Swiftness
43%
Neck
Pendant of Death
42.7%
Neck
Pendant of Life
42.1%
Category
Artifact
% Correct
Combination Artifacts
Cloak of the Undead King
42.1%
Feet
Boots of Polarity
41.5%
Misc Kingdom Boost
Grail
41.1%
Misc Hero Boost
Talisman of Mana
40.8%
Shoulders
Cape of Conjuring
40.5%
Misc Hero Boost
Vial of Dragon Blood
39.6%
Combination Artifacts
Elixir of Life
39.6%
Misc Kingdom Boost
Everpouring Vial of Mercury
39.2%
Misc Orbs and Tomes
Orb of Inhibition
39.2%
Head
Hellstorm Helmet
38.9%
Misc Hero Boost
Charm of Mana
38.9%
Shoulders
Ambassador's Sash
38.6%
Misc Hero Boost
Mystic Orb of Mana
38.6%
Misc Orbs and Tomes
Shackles of War
38%
Misc Hero Boost
Bird of Perception
38%
Neck
Collar of Conjuring
37.3%
Shoulders
Everflowing Crystal Cloak
37.3%
Misc Luck & Morale
Glyph of Gallantry
37.3%
Misc Luck & Morale
Spirit of Oppression
37%
Neck
Necklace of Ocean Guidance
36.7%
Rings
Ring of Conjuring
36.7%
Combination Artifacts
Ring of the Magi
36.7%
Misc Hero Boost
Stoic Watchmen
36.4%
Neck
Pendant of Dispassion
36.1%
Rings
Ring of the Wayfarer
36.1%
Misc Orbs and Tomes
Spell Scroll
36.1%
Neck
Pendant of Courage
35.8%
Misc Orbs and Tomes
Sphere of Permanence
35.4%
Neck
Pendant of Negativity
34.8%
Neck
Pendant of Second Sight
34.5%
Misc Hero Boost
Spyglass
33.9%
Misc Luck & Morale
Hourglass of the Evil Hour
33.5%
Misc Hero Boost
Speculum
32.6%
Misc Luck & Morale
Crest of Valor
32.6%
Neck
Pendant of Holiness
32.3%
Rings
Diplomat's Ring
32%
Misc Orbs and Tomes
Orb of Vulnerability
31.6%
Shoulders
Recanter's Cloak
30.7%
Misc Hero Boost
Emblem of Cognizance
30.1%
Neck
Pendant of Total Recall
29.7%
Shoulders
Surcoat of Counterpoise
28.2%
Neck
Pendant of Free Will
27.8%
Neck
Statesman's Medal
26.9%
Misc Orbs and Tomes
Pandora's Box
26.6%
Neck
Garniture of Interference
25.3%
Quiz Playlist
Details
Report
Send in Message
Add To Playlist
More Info:
Name all of the artifacts in the Heroes of Might and Magic III games: The Restoration of Erathia, Armageddon's Blade, and Shadow of Death.
Classic:
Type in answers that appear in a list
Quiz Source
Last Updated: Feb 16, 2017
Quiz Scoreboard
CHALLENGE
Sign Up to Join the Scoreboard
Show All
Scores
Hide
Comments
May contain spoilers
Recently Published
1-10 Letter E Words III
by El_Dandy
Language
2m
Street Fighter Characters
by Artimus82
Gaming
60s
College Basketball Coaching Resumes
by pancakes188
Sports
9m
More to Explore
Quiz From the Vault
Featured Blog Post
Where Did the Easter Bunny Come From?
hide this ad
You Might Also Like...
Tags
artifact
Category
Here
magic
Today's Top Quizzes in Gaming
Browse Gaming
hide this ad
Today's Top Quizzes in magic
Browse magic
Top Contributed Quizzes in Gaming
1
5-to-1: Consoles
2
7-to-1: Board Game Piece Blitz
3
5-to-1: Legend of Zelda
4
League of Legends Pro Players by Career/Team History
5
Destiny 2 exotic weapons by perk icons
6
Ultimate Genshin Impact Logic Puzzle (up to 4.3)
7
Quick Pick: Video Games Lost in Translation
8
Franchise by Action Figure
9
Who's on the WWE 2K24 Cover?
10
Genshin Impact Logic Puzzle Quiz
Explore More
Trending Topics
Harry Potter
Anime
Crossword
NBA
Disney
Kpop
Marvel
Song
NFL
The Office
Pokémon
Puzzle
Country
WWE
Soccer
hide this ad
More By:
beren
Quiz
Plays
Rating
Category
Featured
Created
Heroes of Might and Magic III Spells
1,640
4.92
Gaming
Jan 22, 2010
Heroes of Might and Magic III Artifacts
316
5.00
Gaming
Jan 24, 2010
Jackie Chan Adventures Theme Song
117
2.00
Television
Aug 24, 2011
Heroes of Might and Magic III Campaigns
57
5.00
Gaming
Feb 1, 2010
Go to Creator's Profile
Score Distribution
Quiz Creator Spotlight
beren
Follow
Send a Message
Quizzes Created
-
Created Quiz Play Count
-
More By This Creator
Popular Quizzes Today
1
Find the US States - No Outlines Minefield
2
Find the Countries of Europe - No Outlines Minefield
3
Find the US States
4
The Countries of the World
5
Risky Map Clicking: Biggest States A-Z
6
US States
7
Popular People in 1961
8
Movies - When Are They Set?
More Gaming Quizzes
Video Game Characters by 3 Words
Published
Trending Quizzes
Risky Map Clicking: Least Populous States A-Z
1-10 Letter G Words
Countries of the World: 200 Million BC
1-10 Letter F Words
Risky Map Clicking: Next State Alphabetically
Recently Updated
Largest US Cities 1790-2010
pecheneg
Rides in Walt Disney World
pecheneg
Most Oscar Losses (Acting)
pecheneg
Beyoncé Albums
pecheneg
Leaping Animals
pecheneg
Reality TV Shows (A-Z)
bhenderson79
Rickey Henderson's Hall of Fame Teammates
pecheneg
Champions League XIs: Arsenal
pecheneg
Quick Pick: Celebrities in WWE's Hall of Fame
aduchscher
A-Z Keypad Blitz II
pecheneg
Trending Topics
Anime
Disney
Crossword
Harry Potter
NBA
Marvel
Kpop
The Office
Pokémon
Soccer
WWE
NFL
Song
Puzzle
Country
Your Account Isn't Verified!
In order to create a playlist on Sporcle, you need to verify the email address you used during registration. Go to your
Sporcle Settings
to finish the process.
Report this User
Report this user for behavior that violates our
Community Guidelines
.
Details:
Send Report
Go to the Sporcle.com Mobile Site →
Comments